| 000 | 00452nam a2200169Ia 4500 | ||
|---|---|---|---|
| 008 | 230917s9999||||xx |||||||||||||| ||und|| | ||
| 020 | _cRS925 | ||
| 040 |
_e254178 _aMAIN |
||
| 041 | _aEnglish | ||
| 082 | _a338.4791 S48H | ||
| 100 | _aSampson, Charlie | ||
| 245 | 0 | _aHorticultural tourism | |
| 260 |
_aNew Delhi _bDiscovery Publishing House _c2014 |
||
| 300 | _a255 p. | ||
| 500 | _a3415 23/01/2019 RBP19/73864 11/02/2019 IHTM (SFS) | ||
| 942 | _cBK | ||
| 999 |
_c30341 _d30341 |
||